OECD Economic Outlook June 2005. (Record no. 80457)

MARC details
000 -LEADER
campo de control de longitud fija 00796cam a22002533 4500
001 - NÚMERO DE CONTROL
campo de control 45355
005 - FECHA Y HORA DE LA ÚLTIMA TRANSACCIÓN
campo de control 20230410130805.0
008 - DATOS DE LONGITUD FIJA--INFORMACIÓN GENERAL
campo de control de longitud fija 060720s2005 xx 000 0 eng d
035 ## - NÚMERO DE CONTROL DEL SISTEMA
Número de control de sistema (OCoLC)ocn149460280
040 ## - FUENTE DE CATALOGACIÓN
Centro catalogador/agencia de origen BTCTA
Centro/agencia transcriptor BTCTA
020 ## - NÚMERO INTERNACIONAL ESTÁNDAR DEL LIBRO
Número Internacional Estándar del Libro 9789264011267
020 ## - NÚMERO INTERNACIONAL ESTÁNDAR DEL LIBRO
Número Internacional Estándar del Libro 9264011269
049 ## - FONDOS LOCALES (OCLC)
Biblioteca depositaria GRAL
050 14 - SIGNATURA TOPOGRÁFICA DE LA BIBLIOTECA DEL CONGRESO
Número de clasificación PP
245 00 - MENCIÓN DEL TÍTULO
Título OECD Economic Outlook June 2005.
246 3# - FORMA VARIANTE DEL TITULO
Título propio/Titulo breve Organization for Economic Cooperation and Development economic outlook occasional studies
246 30 - FORMA VARIANTE DEL TITULO
Título propio/Titulo breve Occasional studies
260 ## - PUBLICACIÓN, DISTRIBUCIÓN, ETC.
Nombre del editor, distribuidor, etc. Paris,
-- Organisation for Economic Cooperation and Development,
Fecha de publicación, distribución, etc. 2005
650 #0 - PUNTO DE ACCESO ADICIONAL DE MATERIA--TÉRMINO DE MATERIA
Término de materia o nombre geográfico como elemento de entrada Economic history
Subdivisión general Statistics
Subdivisión de forma Periodicals
720 ## - ENTRADA AGREGADA--NOMBRE NO CONTROLADO
Nombre Organisation for Economic Co-Operation and Development
942 ## - ELEMENTOS DE ENTRADA SECUNDARIOS (KOHA)
Fuente del sistema de clasificación o colocación Clasificación de Library of Congress
Tipo de ítem Koha
946 ## - PROCESAMIENTO DE INFORMACIÓN LOCAL (OCLC)
a joacosta
994 ## -
-- C0
-- DRFGD
Holdings
Estatus retirado Estado de pérdida Fuente del sistema de clasificación o colocación Estado de daño No para préstamo Colección Biblioteca de origen Biblioteca actual Ubicación en estantería Fecha de adquisición Serial enumeration / chronology Signatura topográfica completa Código de barras Visto por última vez Copia número Tipo de ítem Koha
    Clasificación de Library of Congress     Humanidades Biblioteca Juan Bosch Biblioteca Juan Bosch Humanidades (4to. Piso) 10/04/2023 3 PP 00000046166 25/10/2018 1